|
|
|
|
| LEADER |
00000nab a2200000 a 4500 |
| 001 |
vtls000014373 |
| 003 |
SK-MaSNL |
| 005 |
20260304165119.0 |
| 008 |
250422c1978 xo 0 slo |
| 015 |
|
|
|a SNBRB19rr/mm-uuuuu
|
| 035 |
|
|
|a CL0024467
|
| 035 |
|
|
|a urn:nbn:sk:snk-abb76e
|
| 035 |
|
|
|a (urnnbn)urn:nbn:sk:snk:ar-0060k2
|
| 035 |
|
|
|a (uuid)df4267f2-d39d-4c91-bc87-775fa2868667
|
| 040 |
|
|
|a SNKBUCL
|b slo
|c SNKBUCL
|e AACR2
|
| 041 |
0 |
|
|a cze
|
| 044 |
|
|
|a xo
|c SK
|
| 080 |
|
|
|a 632.9
|2 1981
|
| 080 |
|
|
|a 633
|2 1981
|
| 100 |
1 |
|
|a Včelák, Jaroslav
|4 aut
|9 1349769
|
| 245 |
1 |
0 |
|a Ovlivnění činnosti mikroorganismů v zemědělských produktech kyselinou máselnou a izomáselnou
|c Jaroslav Včelák
|
| 300 |
|
|
|b Tb. 2.
|
| 650 |
0 |
7 |
|a rastlinná výroba
|2 snkbucl
|9 2835
|
| 650 |
0 |
7 |
|a mikroorganizmy
|2 snkbucl
|9 15780
|
| 655 |
|
7 |
|a články z novín a časopisov
|2 snkbucl
|9 267496
|
| 773 |
0 |
|
|t Agrochémia
|g Roč. 18, č. 10 (1978), s. 310-313
|
| 850 |
|
|
|a Slovenská národná knižnica
|
| 852 |
|
|
|a Slovenská národná knižnica
|
| 954 |
|
|
|a odborná, vedecká literatúra cudzojazyčná (svetová)
|2 lita
|
| 954 |
|
|
|a odborná, vedecká literatúra pôvodná (slovenská)
|2 lita
|
| 958 |
|
|
|a article15
|
| 958 |
|
|
|a OND
|
| 958 |
|
|
|a RK
|
| 958 |
|
|
|a EUIPO
|
| 992 |
|
|
|a RBX
|
| 999 |
|
|
|c 2983021
|d 2984951
|